000 01436nam a2200277Ia 4500
003 OSt
005 20210906103929.0
008 210310t1960 sp gr 001 0 spa d
040 _aCO-JMCR
_cCO-JMCR
041 1 _aspa
_heng
082 0 4 _a657.61 /
_bO379c
_223
100 1 _aOhlsson, Ingvar,
_917393
_eautor
245 1 0 _aContabilidad nacional /
_cIngvar Ohlsson ; [traducido del inglés por Fernando M. de Escondrillas]
250 _aSegunda edición
260 _aMadrid :
_bAguilar,
_c1960
300 _axv, [6] hojas plegables sin numerar, 407 páginas ;
_c22 cm.
490 0 _aBiblioteca de Ciencias Sociales
_aSección primera Economía
500 _aIncluye notas a pie de página e índices de autores y de materias.
504 _aBibliografía: páginas 387-394
505 0 _aCondiciones de contabilidad nacional -- Desarrollo reciente de la contabilidad nacional -- El problema de la valoración -- El plan contable -- Los problemas de la periodificación y selección --Renta nacional, producto nocional, y gasto nacional -- La contabilidad nacional en Suecia y el sistema de conceptos de Lindhal -- Elaboración del presupuesto nacional sueco 1947-1952 -- Resumen y conclusiones
546 _aTraducido del inglés.
650 1 4 _aHacienda pública
_917395
_xContabilidad
650 2 4 _aContabilidad de las rentas nacionales
_939988
700 1 _aEscondrillas, Fernando M. de,
_etraductor
_939989
942 _2ddc
_cBK
999 _c8480
_d8480